000 00986nam a2200253Ia 4500
003 OSt
005 20200718010733.0
008 191128s1981 ck fr 000 0 spa d
040 _aCO-JMCR
_cCO-JMCR
041 0 _aspa
082 0 4 _a338.986 /
_bG216a
_223
100 1 _aGarcía, Antonio,
_eautor
_97522
245 1 3 _a¿A dónde va Colombia? :
_bde la república señorial a la crisis del capitalismo dependiente /
_cAntonio García
250 _aPrimera edición
260 _aBogotá :
_bTiempo Americano Editores,
_c1981
300 _a120 páginas ;
_c21 cm.
490 0 _aTextos populares
504 _aBibliografía: páginas 119-1200
505 0 _aGeografía e historia en la república señorial -- Apogeo y crisis de la república señorial -- La crisis del modelo del capitalismo dependiente
650 1 4 _aHistoria económica
_zColombia
_96882
650 1 4 _aHistoria del capitalismo
_zColombia
_97523
650 1 4 _aPolítica económica
_zColombia
_96845
942 _2ddc
_cBK
999 _c5565
_d5565